=LDR 00000nam 2200000 4500 =001 INLIS000000000005091 =005 20130612093340 =008 ***********************************Ind** =035 ##$$0010-061300000005091 =041 ##$$a Ind =082 ##$$a 613.717 6 =090 ##$$a 613.717-Ikn b =100 ##$$a IKNOIM, Threse =245 ##$$a Bugar dengan jalan, Threse Iknoim =260 ##$$a 1996 $b Jakarta =300 ##$$a vii, 156 hlm., ilus, 24 cm =650 ##$$a Olahraga Berjalan - Latihan Kebugaran =850 ##$$a NBPNMAT